000 004720000a22001810004500
003 MACL
005 20150710145525.0
008 150710b xxu||||| |||| 00| 0 eng d
040 _aMACL
_cMACL
041 _aEnglish
082 _a320/DHI
100 _aDhillon, Kirpal
_91622
245 _aIdentity an dSurvival
_bSikh Militancy in India 1978-1993
260 _bPenguin Books
_c2006
_aNew Delhi
350 _a395
650 _aPolitical Science
_988
942 _cBK
_k320
_2ddc
999 _c8260
_d8260